Vista normal Vista MARC

Entrada Nombre personal

Número de registros utilizados en: 1

001 - NÚMERO DE CONTROL

  • Campo de control: 44872

003 - IDENTIFICADOR DE NÚMERO DE CONTROL

  • Campo de control: OSt

005 - FECHA Y HORA DE LA ULTIMA MODIFICACION

  • Campo de control: 20210305163258.0

008 - ELEMENTOS DE DATOS DE LONGITUD FIJA

  • Campo de longitud fija: 210305|| aca||aabn | a|a d

040 ## - FUENTE DE LA CATALOGACIÓN

  • Agencia original de catalogación: OSt

100 1# - ENCABEZAMIENTO--NOMBRE DE PERSONA

  • Nombre personal: Payés González, Sara Noemy

670 ## - FUENTE DE DATOS ENCONTRADOS

  • Fuente de citación: Investigación, La veracidad como deber de la información en el manejo de la nota informativa en los medios digitales salvadoreños

670 ## - FUENTE DE DATOS ENCONTRADOS

  • Fuente de citación: BMC.- 05-03-2021